| 000 | 00485nam a2200145 4500 | ||
|---|---|---|---|
| 999 |
_c11585 _d11585 |
||
| 008 | 181212b ||||| |||| 00| 0 eng d | ||
| 022 | _a 2094-8042 | ||
| 082 | _aDPer 050 T48 Apr-June 2016 v. 187 n. 12-24 | ||
| 100 |
_933204 _aStiglitz, Joseph |
||
| 245 |
_aJin Liqun: _beconomic power broker/ _cJoseph Stiglitz. |
||
| 260 |
_aHong Kong: _bTime Asia, _cc2016. |
||
| 300 |
_av187 n16-17, page 68: _billustrations; _c27 cm. |
||
| 650 | 0 |
_933208 _aSaving and investment. |
|
| 942 |
_2ddc _cPER |
||